000 00440nam a22001817a 4500
003 koha_MIRAKIL
005 20231213095658.0
008 231213b |||||||| |||| 00| 0 ||| d
020 _b978-0-14-132273-5
040 _aTR-IsEVY
_btur
_cTR-IsEVY
082 _a420 DAH/G
100 _aDAHL, ROALD.
245 0 _aGEORGE'S MARVELLOUS MEDICINE.
260 _bPuffin,
_c2007
300 _a98.
650 _aİngiliz Dili.
942 _2ddc
_cBK
999 _c7623
_d7623